| 000 | 00468 a2200157 4500 | ||
|---|---|---|---|
| 005 | 20250414105510.0 | ||
| 020 | _a978-1-4082-3087-9 | ||
| 082 | _a657 WOO | ||
| 100 | _aW00D, F. | ||
| 245 | _aPrinciples of Accounts for East Africa: students Book. | ||
| 250 | _a2nd Ed. | ||
| 260 |
_aEngland, _bPearson Education Limited, _c2011. |
||
| 300 |
_aiii,367p.: Ill.;figures & table _bIndex _c27cm. |
||
| 700 | _aKAMASANYU, D. MAGATI, P. & BAKAMA, B. | ||
| 942 |
_2ddc _cBKS |
||
| 999 |
_c1371 _d1371 |
||